| 000 | 00775pam a2200265 a 4500 | ||
|---|---|---|---|
| 003 | OSt | ||
| 005 | 20160428095819.0 | ||
| 008 | 980406s1998 nyua 001 0 eng | ||
| 020 | _a0671537636 | ||
| 040 | _aSEKU | ||
| 050 | 0 | 0 |
_aRJ 61 _b.S6 1998 |
| 100 | 1 | _aSpock, Benjamin | |
| 245 | 1 | 0 |
_aDr. Spock's baby and child care / _cBenjamin Spock, and Steven J. Parker ; illustrations by Sharon Scotland. |
| 246 | 3 | 0 | _aDoctor Spock's baby and child care |
| 250 | _aRev. and updated 7th ed. | ||
| 260 |
_aNew York : _bPocket Books, _c1998. |
||
| 300 |
_axxxi, 939 p. : _bill. ; _c21 cm. |
||
| 500 | _aIncludes index. | ||
| 650 | 0 |
_aInfants _xCare. |
|
| 650 | 0 | _aChild care. | |
| 650 | 0 | _aChild rearing. | |
| 700 | 1 | _aParker, Steven | |
| 942 |
_2lcc _cGEN |
||
| 999 |
_c13087 _d13087 |
||